00664nam a2200241 a 4500001001300000003000900013005001700022008004100039020001000080082001600090100001600106245002300122260003500145300000800180500003500188505002200223650002400245700001600269902000800285942000700293952010700300999001500407nice12345678IN_TiNIC20260116011555.0050524s1939 boma grp 000 0 eng  ac10000a340.59bFOR aForbes, J C aMuslim Divorce Law aBombaybNew Book Companyc1939 a50p aincludes index and biblioraphy2 aerrata et addenda aIslamic-Law Divorce1 aForbes, J C bSRS cBK 00104070aHMIbHMId2007-05-02g100.00l1o340.59 FORp1197r2022-09-19s2022-09-14w2026-01-16yEB c2691d2691